000 00944nam a2200217 i 4500
001 182924
003 ES-MaACL
005 20251005063136.0
008 131216s1762 fr f |||| | fre d
100 1 _aFougeroux de Bondaroy, Auguste-Denis,
_d1732-1790
_9127122
245 1 0 _aArt de travailler les cuirs dorés ou argentés /
_cM. Fougeroux de Bondaroy.
260 _a[Paris] :
_bDe l'imprimerie de L.F. Delatour.,
_c1762.
300 _a78 p., 10 lám. ;
_cFol. (44 cm)
490 1 _aDescriptions des arts et métiers faites ou approuvées par Messieurs de l'Académie Royale des Sciences
530 _aDisponible en formato digital.
650 4 _aIndustria del cuero-
_vObras anterioes a 1800.
_9154010
830 0 0 _aDescriptions des arts et métiers
_9241750
852 _aES-MaACL
_jR-60(1)
_xOlim: C-10827-70
856 _uhttp://gallica.bnf.fr/ark:/12148/bpt6k1065614g?rk=21459;2
_zBNF-Gallica
999 _c182924
_d182924